| 000 | 00603nam a22002177a 4500 | ||
|---|---|---|---|
| 003 | OSt1 | ||
| 005 | 20130503213445.0 | ||
| 008 | 110630t xxu||||| |||| 00| 0 eng d | ||
| 020 | _a0-914053-14-0 | ||
| 040 | _cThe Mico University College | ||
| 082 | _a373.1 STO | ||
| 100 | _91282 | ||
| 245 |
_aNone Dare Call It Educaation _cJohn A.Stormer |
||
| 260 |
_aFlorissant,Missouri _bLiberty Bell Press _c1999 |
||
| 300 | _axvii,266 Pages | ||
| 504 | _aIncludes,bibliographical references,index. | ||
| 562 | _e2 | ||
| 563 | _aPbk | ||
| 650 |
_aSCHOOLS,EDUCATION _91283 |
||
| 942 |
_2ddc _cBK |
||
| 999 |
_c549 _d549 |
||